[Event "13. Open Club Ajedrez Villaverde"]
[Site "Madrid ESP"]
[Date "2010.07.04"]
[Round "7.8"]
[White "Martinez Peiro, Gabriel"]
[Black "Lopez de Turiso Sanchez, Jose Angel"]
[Result "0-1"]
[WhiteElo "2058"]
[BlackElo "2110"]
[PlyCount "46"]
[EventDate "2010.06.28"]
[EventType "swiss"]
[EventRounds "9"]
[EventCountry "ESP"]
[Source "lmi"]
[SourceDate "2010.06.28"]

1. d4 d5 2. c4 Nc6 3. Nc3 dxc4 4. e3 e5 5. d5 Nce7 6. Bxc4 Ng6 7. Nf3 Nf6 8.
Qa4+ Nd7 9. h4 Be7 10. h5 Nh4 11. Nxh4 Bxh4 12. d6 Bg5 13. Nb5 O-O 14. Nxc7 Nb6
15. Qb4 Nxc4 16. Qxc4 Rb8 17. Bd2 Qxd6 18. Bb4 Qc6 19. Qc5 Rd8 20. Nb5 Qxg2 21.
Rf1 Bh3 22. Qc4 Rbc8 23. Qe2 Rc2 0-1

[Event "13. Open Club Ajedrez Villaverde"]
[Site "Madrid ESP"]
[Date "2010.07.04"]
[Round "7.9"]
[White "Tirado Parra, Alberto"]
[Black "Vazquez Gonzalez, Jesus"]
[Result "1-0"]
[WhiteElo "1936"]
[BlackElo "2089"]
[PlyCount "53"]
[EventDate "2010.06.28"]
[EventType "swiss"]
[EventRounds "9"]
[EventCountry "ESP"]
[Source "lmi"]
[SourceDate "2010.06.28"]

1. b3 Nc6 2. Bb2 e5 3. c4 Nf6 4. d3 d5 5. cxd5 Nxd5 6. Nf3 Bb4+ 7. Nbd2 Qe7 8.
a3 Bxd2+ 9. Qxd2 O-O 10. g3 Bg4 11. Bg2 Rad8 12. Qc2 f5 13. O-O Kh8 14. Rac1 f4
15. b4 fxg3 16. hxg3 a6 17. Qc4 Nf4 18. gxf4 Bxf3 19. exf3 Rxf4 20. Qc5 Qg5 21.
Rc4 Rxf3 22. Bxe5 Rdxd3 23. Re4 h5 24. Bxg7+ Qxg7 25. Re8+ Kh7 26. Qxh5+ Qh6
27. Rh8+ 1-0

[Event "13. Open Club Ajedrez Villaverde"]
[Site "Madrid ESP"]
[Date "2010.07.04"]
[Round "7.10"]
[White "Iagar, Razvan-Gabriel"]
[Black "Camarero Izquierdo, Juan Carlos"]
[Result "1/2-1/2"]
[WhiteElo "2078"]
[BlackElo "1935"]
[PlyCount "71"]
[EventDate "2010.06.28"]
[EventType "swiss"]
[EventRounds "9"]
[EventCountry "ESP"]
[Source "lmi"]
[SourceDate "2010.06.28"]

1. g3 e5 2. Bg2 d5 3. c4 Nf6 4. cxd5 Nxd5 5. Nc3 Nxc3 6. bxc3 Bc5 7. e3 O-O 8.
Ne2 Kh8 9. d4 Bd6 10. c4 c5 11. O-O f5 12. dxe5 Bxe5 13. Rb1 Qc7 14. Ba3 Na6
15. Qc2 Rb8 16. Nc3 Bxc3 17. Qxc3 b6 18. Rfd1 Bb7 19. Bxb7 Qxb7 20. Rd5 Rbd8
21. Bxc5 Nxc5 22. Rxc5 Qe4 23. Rcb5 Rd3 24. Qc2 Rfd8 25. R5b3 Rxe3 26. Qxe4
Rxe4 27. Rc3 Re5 28. Ra3 Re7 29. Rb5 g6 30. c5 bxc5 31. Rxc5 Rd2 32. Rc1 Kg7
33. Ra4 Kh6 34. a3 Ree2 35. Rf1 Rd7 36. Kg2 1/2-1/2

[Event "13. Open Club Ajedrez Villaverde"]
[Site "Madrid ESP"]
[Date "2010.07.04"]
[Round "7.11"]
[White "Beltran De Heredia E., Miguel"]
[Black "Serrano Pozo, Fermin"]
[Result "1-0"]
[WhiteElo "2078"]
[BlackElo "1893"]
[PlyCount "61"]
[EventDate "2010.06.28"]
[EventType "swiss"]
[EventRounds "9"]
[EventCountry "ESP"]
[Source "lmi"]
[SourceDate "2010.06.28"]

1. e4 d6 2. d4 Nf6 3. Nc3 Nbd7 4. g4 h6 5. h3 e5 6. Nge2 c6 7. Bg2 b5 8. a3 Bb7
9. Be3 a5 10. Ng3 g6 11. O-O Be7 12. Qd2 exd4 13. Qxd4 Kf8 14. f4 Rh7 15. Rae1
c5 16. Qd2 b4 17. axb4 axb4 18. Nd5 Nxd5 19. exd5 Ra2 20. f5 g5 21. f6 Bxf6 22.
Be4 Rh8 23. Nh5 Bxb2 24. Bg6 Ne5 25. Bxg5 Bd4+ 26. Qxd4 cxd4 27. Bxd8 Nxg6 28.
Bf6 Rxc2 29. Bg7+ Kg8 30. Bxd4 Bxd5 31. Nf6+ 1-0

[Event "13. Open Club Ajedrez Villaverde"]
[Site "Madrid ESP"]
[Date "2010.07.04"]
[Round "7.12"]
[White "Aguado Solana, Juan"]
[Black "Rodriguez Bachiller, Luis"]
[Result "1/2-1/2"]
[WhiteElo "2038"]
[BlackElo "1894"]
[PlyCount "80"]
[EventDate "2010.06.28"]
[EventType "swiss"]
[EventRounds "9"]
[EventCountry "ESP"]
[Source "lmi"]
[SourceDate "2010.06.28"]

1. e4 e6 2. d4 d5 3. exd5 exd5 4. c4 Nf6 5. Nc3 Be7 6. Nf3 Bg4 7. Qb3 Bxf3 8.
Qxb7 Nbd7 9. gxf3 dxc4 10. Bxc4 O-O 11. Bb3 Nb6 12. Be3 Bb4 13. O-O Qc8 14.
Qxc8 Raxc8 15. Ne4 Be7 16. Bg5 Nfd5 17. Bxe7 Nxe7 18. Rac1 Nf5 19. Rfd1 Rfd8
20. Ng5 Nd6 21. Rc5 h6 22. Ne4 Kf8 23. Ra5 Ra8 24. Rc1 Nb7 25. Rf5 Rd7 26. Nc5
Nxc5 27. dxc5 Nc8 28. Re1 f6 29. Rf4 Ne7 30. Rfe4 Ng6 31. Be6 Rd2 32. Bg4 Ne5
33. R1e2 Rad8 34. Bh5 Rxe2 35. Rxe2 g6 36. f4 Nd3 37. Bf3 Nxf4 38. Re4 g5 39.
Ra4 Rd3 40. Bg2 Rd1+ 1/2-1/2

[Event "13. Open Club Ajedrez Villaverde"]
[Site "Madrid ESP"]
[Date "2010.07.04"]
[Round "7.13"]
[White "Tevar Sanz, Gonzalo"]
[Black "Cruz Monzon, Jose"]
[Result "1/2-1/2"]
[WhiteElo "1887"]
[BlackElo "1984"]
[PlyCount "56"]
[EventDate "2010.06.28"]
[EventType "swiss"]
[EventRounds "9"]
[EventCountry "ESP"]
[Source "lmi"]
[SourceDate "2010.06.28"]

1. d4 d5 2. Bf4 e6 3. Nf3 Nf6 4. e3 Bd6 5. Ne5 Nbd7 6. Nd2 O-O 7. Bd3 Qe7 8. c3
c5 9. Qf3 cxd4 10. exd4 Re8 11. g4 Nf8 12. g5 Ne4 13. Nxe4 dxe4 14. Bxe4 Bxe5
15. dxe5 Bd7 16. h4 Bc6 17. Bxc6 bxc6 18. Qxc6 Rec8 19. Qf3 Rab8 20. b3 Ng6 21.
Bg3 Qc5 22. c4 Nxe5 23. Qe4 Qa5+ 24. Ke2 Rc5 25. b4 Rxc4 26. Qxe5 Qxe5+ 27.
Bxe5 Re4+ 28. Kd3 Rxe5 1/2-1/2

[Event "13. Open Club Ajedrez Villaverde"]
[Site "Madrid ESP"]
[Date "2010.07.04"]
[Round "7.15"]
[White "Alonso Sanchez, Victor M"]
[Black "De La Orden Alcocer, Alejandro"]
[Result "1-0"]
[WhiteElo "1943"]
[BlackElo "1795"]
[PlyCount "85"]
[EventDate "2010.06.28"]
[EventType "swiss"]
[EventRounds "9"]
[EventCountry "ESP"]
[Source "lmi"]
[SourceDate "2010.06.28"]

1. d4 d5 2. Nc3 Nf6 3. Bg5 c6 4. e3 Bf5 5. Bxf6 exf6 6. Bd3 Bxd3 7. Qxd3 Bb4 8.
Nge2 Nd7 9. O-O-O Qc7 10. e4 Bxc3 11. Nxc3 Qf4+ 12. Qd2 Qxd2+ 13. Rxd2 Nb6 14.
exd5 Nxd5 15. Nxd5 cxd5 16. Re1+ Kd7 17. Rd3 Rhe8 18. Rxe8 Rxe8 19. Kd2 f5 20.
Re3 Re6 21. Re5 Rxe5 22. dxe5 f4 23. Kd3 Ke6 24. Kd4 g5 25. a4 b6 26. b3 a6 27.
c3 h6 28. f3 h5 29. h3 b5 30. a5 h4 31. b4 Ke7 32. Kxd5 Kd7 33. Kd4 Ke7 34. Kc5
Ke6 35. Kb6 Kd5 36. Kxa6 Kc4 37. Kb6 Kd3 38. a6 Ke2 39. a7 Kf2 40. a8=Q Kxg2
41. Qg8 Kxf3 42. Qxg5 Ke4 43. Qxh4 1-0

[Event "13. Open Club Ajedrez Villaverde"]
[Site "Madrid ESP"]
[Date "2010.07.04"]
[Round "7.16"]
[White "Sanchez Tapia, Luis G"]
[Black "Caballero Gallego, Luis"]
[Result "0-1"]
[WhiteElo "1609"]
[BlackElo "1933"]
[PlyCount "116"]
[EventDate "2010.06.28"]
[EventType "swiss"]
[EventRounds "9"]
[EventCountry "ESP"]
[Source "lmi"]
[SourceDate "2010.06.28"]

1. e4 c5 2. Nf3 d6 3. d4 cxd4 4. Qxd4 Nc6 5. Qd1 Nf6 6. Nbd2 g6 7. Bd3 Bg7 8.
c3 O-O 9. O-O a6 10. Qc2 b5 11. h3 Bb7 12. Nb3 Rc8 13. Qe2 b4 14. Bd2 a5 15.
Rac1 bxc3 16. bxc3 Nd7 17. Rfe1 Rc7 18. Rc2 Qa8 19. Bf4 Nde5 20. Bb5 Nxf3+ 21.
gxf3 Ne5 22. Bxe5 Bxe5 23. Qd3 a4 24. Nd2 Qa5 25. c4 Ba6 26. Bxa6 Qxa6 27. Rb1
Bf4 28. Nf1 Qa5 29. Rb5 Qa7 30. Ne3 Rc5 31. Rxc5 Qxc5 32. Nd5 Bg5 33. Ne3 Rb8
34. Qe2 a3 35. Nf1 Rb1 36. Kg2 Bf4 37. Ng3 Qg5 38. Qd3 h5 39. Qxa3 h4 40. Rb2
Rxb2 41. Qxb2 hxg3 42. fxg3 Qxg3+ 43. Kf1 Qxh3+ 44. Qg2 Qxg2+ 45. Kxg2 Kf8 46.
Kf2 Ke8 47. Ke2 Kd7 48. Kd3 Kc6 49. Kc2 Kc5 50. Kb3 e6 51. Kc3 f5 52. Kd3 g5
53. a4 Kb4 54. exf5 exf5 55. Kd4 Kxa4 56. c5 dxc5+ 57. Kxc5 g4 58. fxg4 fxg4
0-1

[Event "13. Open Club Ajedrez Villaverde"]
[Site "Madrid ESP"]
[Date "2010.07.04"]
[Round "7.18"]
[White "Lozano Sanchez, Jose Antonio"]
[Black "Ibanez Moreno, Sergio"]
[Result "1-0"]
[WhiteElo "1917"]
[BlackElo "1825"]
[PlyCount "83"]
[EventDate "2010.06.28"]
[EventType "swiss"]
[EventRounds "9"]
[EventCountry "ESP"]
[Source "lmi"]
[SourceDate "2010.06.28"]

1. e4 e6 2. Nf3 d5 3. exd5 exd5 4. d4 Nf6 5. Bf4 Nc6 6. c3 Bf5 7. Be2 Bd6 8.
Bxd6 Qxd6 9. Nbd2 Ne4 10. Nxe4 Bxe4 11. Bd3 Qf4 12. Qe2 O-O-O 13. Bxe4 Rhe8 14.
O-O Rxe4 15. Qd2 Qxd2 16. Nxd2 Re2 17. Rad1 Rde8 18. f3 Ne7 19. Rfe1 Nf5 20.
Kf1 R2e6 21. Rxe6 Rxe6 22. Re1 Kd7 23. Rxe6 Kxe6 24. Kf2 b6 25. g4 Ne7 26. f4
f5 27. h3 g6 28. Nf3 h5 29. Kg3 hxg4 30. hxg4 c5 31. Kh4 Nc6 32. Kg5 fxg4 33.
Kxg4 cxd4 34. Nxd4+ Nxd4 35. cxd4 Kf6 36. a4 a6 37. b4 Kg7 38. Kg5 Kf7 39. f5
gxf5 40. Kxf5 Ke7 41. Ke5 Kd8 42. Kd6 1-0

[Event "13. Open Club Ajedrez Villaverde"]
[Site "Madrid ESP"]
[Date "2010.07.04"]
[Round "7.19"]
[White "Merino Araguas, Jose Javier"]
[Black "Garcia Diaz, Victor Manuel"]
[Result "0-1"]
[WhiteElo "1849"]
[BlackElo "2113"]
[PlyCount "58"]
[EventDate "2010.06.28"]
[EventType "swiss"]
[EventRounds "9"]
[EventCountry "ESP"]
[Source "lmi"]
[SourceDate "2010.06.28"]

1. d4 b5 2. Nf3 Bb7 3. e3 a6 4. Nbd2 Nf6 5. Bd3 d5 6. O-O e6 7. Ne5 c5 8. c3
Bd6 9. f4 Nbd7 10. Qf3 Nb6 11. b3 Qe7 12. Ba3 Rb8 13. Bc2 a5 14. Qe2 c4 15.
Bxd6 Qxd6 16. bxc4 Nxc4 17. Ndxc4 bxc4 18. Ba4+ Ke7 19. Rab1 Ne4 20. Qb2 Rhd8
21. Rfc1 f6 22. Qxb7+ Rxb7 23. Rxb7+ Kf8 24. Nf7 Qa3 25. Rcb1 Qxc3 26. Nxd8
Qxe3+ 27. Kh1 Nf2+ 28. Kg1 Nh3+ 29. Kh1 Qg1+ 0-1

[Event "13. Open Club Ajedrez Villaverde"]
[Site "Madrid ESP"]
[Date "2010.07.04"]
[Round "7.20"]
[White "Vidaurre, Luis"]
[Black "Illan Gomez, Miguel"]
[Result "0-1"]
[WhiteElo "1934"]
[BlackElo "1798"]
[PlyCount "88"]
[EventDate "2010.06.28"]
[EventType "swiss"]
[EventRounds "9"]
[EventCountry "ESP"]
[Source "lmi"]
[SourceDate "2010.06.28"]

1. d4 Nf6 2. c4 e6 3. Nf3 g6 4. Bf4 Bg7 5. Nc3 O-O 6. e4 d6 7. Be2 c5 8. dxc5
dxc5 9. Bd6 Re8 10. Bxc5 Nc6 11. Qxd8 Rxd8 12. Rc1 b6 13. Be3 Ng4 14. Bf4 Bb7
15. Nd2 Nge5 16. Bxe5 Nxe5 17. Ndb1 Rac8 18. b3 Nd3+ 19. Bxd3 Rxd3 20. Ke2 Rdd8
21. Rhd1 Kf8 22. Rxd8+ Rxd8 23. Rd1 Rxd1 24. Kxd1 Ke7 25. Ke2 Kd7 26. Kd3 f5
27. f3 Be5 28. h3 Bb8 29. exf5 exf5 30. Nd2 Ke6 31. Nf1 Ke5 32. Ne3 Kf4 33.
Ne2+ Ke5 34. a3 Bd6 35. b4 Ba6 36. Kc3 Bb7 37. Nc2 g5 38. Ne3 h5 39. Kd3 f4 40.
Nd1 g4 41. hxg4 hxg4 42. fxg4 Bxg2 43. Nf2 Bf1 44. Nd1 f3 0-1

[Event "13. Open Club Ajedrez Villaverde"]
[Site "Madrid ESP"]
[Date "2010.07.04"]
[Round "7.21"]
[White "Rodriguez Sampedro, Ricardo"]
[Black "Montero Montero, Juan Jose"]
[Result "1-0"]
[WhiteElo "1926"]
[BlackElo "1745"]
[PlyCount "79"]
[EventDate "2010.06.28"]
[EventType "swiss"]
[EventRounds "9"]
[EventCountry "ESP"]
[Source "lmi"]
[SourceDate "2010.06.28"]

1. d4 Nf6 2. c4 e6 3. Nc3 Bb4 4. Qc2 c5 5. Nf3 Nc6 6. e3 d5 7. a3 cxd4 8. exd4
Bxc3+ 9. bxc3 dxc4 10. Bxc4 h6 11. O-O O-O 12. Bf4 b6 13. Ne5 Bb7 14. Rad1 Ne7
15. Be2 Be4 16. Bd3 Bxd3 17. Qxd3 Nfd5 18. Bd2 Rc8 19. c4 Nf6 20. Bb4 Re8 21.
Bxe7 Rxe7 22. d5 exd5 23. f4 Rc5 24. Rfe1 Qa8 25. Qf3 Re8 26. cxd5 Nxd5 27. Qh5
Qb7 28. Qf3 Rec8 29. h3 Qa8 30. Kh2 Nf6 31. Qb3 Qb7 32. Rd7 Nxd7 33. Qxf7+ Kh7
34. Nxd7 Qc6 35. Re6 Qa8 36. Re7 Rg8 37. f5 Rc2 38. Qg6+ Kh8 39. f6 Qc6 40.
fxg7+ 1-0

[Event "13. Open Club Ajedrez Villaverde"]
[Site "Madrid ESP"]
[Date "2010.07.04"]
[Round "7.22"]
[White "Martinez Miura, Enrique"]
[Black "Laynez Aspenberg, Jose"]
[Result "0-1"]
[WhiteElo "1727"]
[BlackElo "1910"]
[PlyCount "74"]
[EventDate "2010.06.28"]
[EventType "swiss"]
[EventRounds "9"]
[EventCountry "ESP"]
[Source "lmi"]
[SourceDate "2010.06.28"]

1. e4 d5 2. exd5 Qxd5 3. Nc3 Qa5 4. Bc4 Nf6 5. h3 Bf5 6. Nf3 e6 7. O-O c6 8. d4
Bd6 9. Re1 O-O 10. Nh4 Bg6 11. Nxg6 hxg6 12. Ne4 Nxe4 13. Rxe4 Nd7 14. Bd2 Qd8
15. Bf4 Bxf4 16. Rxf4 Qc7 17. Re4 Nf6 18. Re3 Rad8 19. Rd3 Rd6 20. Qf3 Rfd8 21.
Rad1 Qb6 22. Rb3 Qc7 23. Qe3 b5 24. Be2 a5 25. Rbd3 Nd5 26. Qc1 Nb4 27. Ra3 Qb6
28. c3 Nd5 29. Qd2 c5 30. dxc5 Qxc5 31. Rxa5 Nxc3 32. Qxc3 Rxd1+ 33. Bxd1 Rxd1+
34. Kh2 Qxf2 35. Ra8+ Kh7 36. b3 Qf4+ 37. Qg3 Rh1+ 0-1

[Event "13. Open Club Ajedrez Villaverde"]
[Site "Madrid ESP"]
[Date "2010.07.04"]
[Round "7.23"]
[White "Al-Zarif, Bassam"]
[Black "Alvarez Romero, Carlos"]
[Result "1-0"]
[WhiteElo "1631"]
[BlackElo "1780"]
[PlyCount "133"]
[EventDate "2010.06.28"]
[EventType "swiss"]
[EventRounds "9"]
[EventCountry "ESP"]
[Source "lmi"]
[SourceDate "2010.06.28"]

1. b3 e5 2. Nf3 Nc6 3. Bb2 e4 4. Nd4 Nxd4 5. Bxd4 d5 6. e3 Nf6 7. Bb5+ c6 8.
Be2 Bf5 9. O-O Bd6 10. d3 Qc7 11. g3 c5 12. Bb2 O-O-O 13. Nd2 Be5 14. d4 cxd4
15. exd4 Bd6 16. Rc1 Kb8 17. c4 Qe7 18. c5 Bc7 19. b4 h5 20. c6 b6 21. Qa4 e3
22. Nf3 exf2+ 23. Rxf2 Ne4 24. Ne5 Nxf2 25. Kxf2 Bc8 26. Bf3 Bxe5 27. dxe5 Qc7
28. b5 Be6 29. Qd4 g5 30. Ba3 Rhe8 31. Bd6 Rxd6 32. exd6 Qxd6 33. c7+ Kc8 34.
Rc6 Qa3 35. Rc2 g4 36. Be2 Qd6 37. Qa4 a5 38. bxa6 Bd7 39. a7 Kb7 40. Bb5 Qf6+
41. Qf4 Qxf4+ 42. gxf4 Bxb5 43. c8=Q+ Rxc8 44. Rxc8 Kxa7 45. Rc7+ Ka6 46. Rxf7
Bc4 47. a3 d4 48. Rh7 Kb5 49. Rxh5+ Ka4 50. Ke1 Kxa3 51. f5 Kb2 52. Kd2 b5 53.
f6 b4 54. Rf5 Bf7 55. Rf4 Kb1 56. Rxd4 b3 57. Rd7 Be6 58. Re7 Bd5 59. f7 b2 60.
f8=Q Ka1 61. Ra7+ Ba2 62. Qf1+ b1=Q 63. Qxb1+ Kxb1 64. Rxa2 Kxa2 65. Kd3 Kb3
66. Ke4 g3 67. hxg3 1-0

[Event "13. Open Club Ajedrez Villaverde"]
[Site "Madrid ESP"]
[Date "2010.07.04"]
[Round "7.25"]
[White "Gutierrez Garcia, Alberto"]
[Black "Cortijo Manso, Luis"]
[Result "1-0"]
[WhiteElo "1688"]
[BlackElo "1586"]
[PlyCount "72"]
[EventDate "2010.06.28"]
[EventType "swiss"]
[EventRounds "9"]
[EventCountry "ESP"]
[Source "lmi"]
[SourceDate "2010.06.28"]

1. e4 c5 2. Nf3 e6 3. d4 cxd4 4. Nxd4 a6 5. Nc3 d6 6. Be2 Nf6 7. O-O Be7 8. a4
O-O 9. b4 Nbd7 10. Bb2 Ne5 11. h3 Qc7 12. Rc1 b6 13. f4 Nc4 14. Bxc4 Qxc4 15.
b5 Bb7 16. Qd3 Qc8 17. Nf3 Nh5 18. Ne2 Qc5+ 19. Kh2 Qb4 20. Bd4 axb5 21. axb5
Ra3 22. c3 Qa5 23. g4 Nf6 24. Ng3 Rc8 25. g5 Ne8 26. Rg1 d5 27. f5 dxe4 28.
Nxe4 exf5 29. Nf6+ Nxf6 30. gxf6 Bd6+ 31. Be5 Bxe5+ 32. Nxe5 Ra2+ 33. Kg3 Be4
34. Qd7 Rxc3+ 35. Rxc3 Qxc3+ 36. Kh4 Ra8 1-0

[Event "13. Open Club Ajedrez Villaverde"]
[Site "Madrid ESP"]
[Date "2010.07.04"]
[Round "7.26"]
[White "Martin Rodriguez, Jose L"]
[Black "Fariñas Lucas, Juan Antonio"]
[Result "1-0"]
[WhiteElo "1538"]
[BlackElo "1698"]
[PlyCount "68"]
[EventDate "2010.06.28"]
[EventType "swiss"]
[EventRounds "9"]
[EventCountry "ESP"]
[Source "lmi"]
[SourceDate "2010.06.28"]

1. e4 c5 2. Nf3 Nc6 3. d4 cxd4 4. Nxd4 e5 5. Nxc6 bxc6 6. Bd3 Nf6 7. O-O Be7 8.
Nc3 O-O 9. Bg5 h6 10. Bh4 Bb7 11. Qe2 Qc7 12. Rfd1 Rad8 13. Rab1 Rfe8 14. b4 g5
15. Bg3 Bf8 16. Qf3 Bg7 17. h3 d5 18. Qe2 d4 19. Na4 Nd7 20. h4 Nb6 21. Nc5 Ba8
22. hxg5 hxg5 23. Qh5 Qe7 24. f3 Nd7 25. Kf2 Nf8 26. Rh1 Rd6 27. Qg4 Rg6 28.
Rh5 Ne6 29. Nxe6 fxe6 30. Qh3 Rf8 31. Qh2 g4 32. Bxe5 gxf3 33. gxf3 Bxe5 34.
Qxe5 Qf7 1-0

[Event "13. Open Club Ajedrez Villaverde"]
[Site "Madrid ESP"]
[Date "2010.07.04"]
[Round "7.27"]
[White "Hernandez Del Can, Jose"]
[Black "Takvor Mena, Samuel"]
[Result "0-1"]
[WhiteElo "1777"]
[BlackElo "1647"]
[PlyCount "110"]
[EventDate "2010.06.28"]
[EventType "swiss"]
[EventRounds "9"]
[EventCountry "ESP"]
[Source "lmi"]
[SourceDate "2010.06.28"]

1. c4 e6 2. Nf3 d5 3. g3 Nf6 4. d4 c6 5. cxd5 exd5 6. Bg2 Bd6 7. O-O O-O 8. e3
Bg4 9. h3 Bh5 10. Qb3 Qc7 11. Nc3 Nbd7 12. Bd2 Rfe8 13. Rac1 Ne4 14. Nb5 Qb8
15. Nxd6 Nxd6 16. g4 Bg6 17. Nh4 Nc4 18. Qc3 Nf6 19. Nxg6 hxg6 20. b3 Nxd2 21.
Qxd2 Kh7 22. f3 Qd6 23. Rce1 Re7 24. e4 dxe4 25. fxe4 Nd7 26. Qf2 Nb6 27. e5
Qe6 28. a4 Rd7 29. a5 Nd5 30. Qd2 Rad8 31. Rf3 Ne7 32. Rd3 a6 33. Rd1 Nd5 34.
Kh1 Nc7 35. Qf2 Nb5 36. h4 Qxg4 37. Bh3 Qe4+ 38. Bg2 Qf5 39. Rf3 Qh5 40. Rf1
Rf8 41. e6 Rxd4 42. Rxf7 Re8 43. e7 Rxh4+ 44. Kg1 Nd6 45. Re1 Nxf7 46. Qxf7
Qc5+ 47. Kf1 Qf5+ 48. Qxf5 gxf5 49. Re5 g6 50. Kf2 Kg7 51. Kg3 Rg4+ 52. Kf3 Kf6
53. Bh3 Kxe5 54. Bxg4 fxg4+ 55. Kxg4 Rxe7 0-1